Colorado City /

Bibliographic Details
Corporate Author: A.I.D. Associates
Format: Map
Language:English
Published: Dallas, TX : A.I.D. Associates, 1992.
Subjects:

MARC

Tag First Indicator Second Indicator Subfields
LEADER 00000cem a22000007a 4500
001 in00002781315
005 20150922133729.0
007 aj canzn
008 121101s1992 txu a 0 eng d
034 1 |a a  |b 19000 
040 |d UtOrBLW 
052 |a 4034  |b C6 
052 |a 4033  |b M65 
090 |a G4034.C6 1992  |b .A2 
110 2 |a A.I.D. Associates. 
245 1 0 |a Colorado City /  |c prepared and published by A.I.D. Associates. 
255 |a Scale [ca. 1:19,000] 
264 1 |a Dallas, TX :  |b A.I.D. Associates,  |c 1992. 
300 |a 1 map :  |b color ;  |c 35 x 27 cm. on sheet 56 x 44 cm., folded to 22 x 10 cm. 
336 |a cartographic image  |b cri  |2 rdacontent 
337 |a unmediated  |b n  |2 rdamedia 
338 |a sheet  |b nb  |2 rdacarrier 
500 |a Shows streets, roads, highways, and points of interest. 
500 |a Includes street index and advertisements. 
500 |a Includes text, col. ill., advertisements and map of Mitchell County on verso. 
500 |a Cartographic material. 
651 0 |a Colorado City (Tex.)  |v Maps. 
651 0 |a Mitchell County (Tex.)  |v Maps. 
948 |a needs original cataloging  |c 2012/11/1  |e agaffey 
999 |a MARS 
999 f f |s c9e0430c-5237-355d-a3d5-863a0adc9472  |i 2edd7e10-99e1-3162-933a-366939bacf8c  |t 0 
952 f f |p normal  |a Texas A&M University  |b College Station  |c Sterling C. Evans Library  |d Evans: Maps (2nd floor)  |t 0  |e G4034.C6 1992 .A2  |h Library of Congress classification  |i unmediated -- sheet  |m A14832556084 
998 f f |a G4034.C6 1992 .A2  |t 0  |l Evans: Maps (2nd floor)